Economic Vital Signs : Dec. 2006, Research Report #109-47.

Bibliographic Details
Corporate Authors: United States. Congress. Joint Economic Committee, ProQuest (Firm)
Format: eBook
Language:English
Published: [Washington] : [U.S. G.P.O.], 2006.
Series:U.S. Congressional Research.
Subjects:
Online Access:Connect to the full text of this electronic book

MARC

Tag First Indicator Second Indicator Subfields
LEADER 00000cam a22000001a 4500
001 in00003350813
006 m d f
007 cr bn mmmapmmp
008 110210s2006 dcu o f000 0 eng d
005 20260430211523.3
035 |a cis2007802363 
040 |a ProQuest  |c ProQuest  |d UtOrBLW 
043 |a n-us--- 
099 |a CMP-2006-ECJ-0075 
110 1 |a United States.  |b Congress.  |b Joint Economic Committee. 
245 1 0 |a Economic Vital Signs :  |b Dec. 2006, Research Report #109-47. 
264 1 |a [Washington] :  |b [U.S. G.P.O.],  |c 2006. 
300 |a 1 online resource. 
336 |a text  |b txt  |2 rdacontent 
337 |a computer  |b c  |2 rdamedia 
338 |a online resource  |b cr  |2 rdacarrier 
500 |a Record is based on bibliographic data in ProQuest U.S. Congressional Research Digital Collection. Reuse except for individual research requires license from ProQuest, LLC. 
500 |a Electronic resource. 
650 0 |a Economic indicators  |z United States. 
651 0 |a United States  |x Economic conditions  |y 2001-2009. 
655 7 |a Electronic books.  |2 local 
710 2 |a ProQuest (Firm) 
776 0 8 |i Print version:   |a United States. Congress. Joint Economic Committee.  |t Economic Vital Signs 
776 0 8 |i Microfiche version:   |a United States. Congress. Joint Economic Committee.  |t Economic Vital Signs.  |d [Bethesda, Md.] : ProQuest,[2004]  |o CIS 2006 J842-83  |w (ProQuest)cis00601600 
830 0 |a U.S. Congressional Research. 
856 4 0 |u http://proxy.library.tamu.edu/login?url=https://congressional.proquest.com/congcomp/getdoc?CRDC-ID=CMP-2006-ECJ-0075  |z Connect to the full text of this electronic book  |t 0 
998 |a cis00601600 
999 |a MARS 
999 f f |s 9b817909-3eb6-34ab-863d-0324dfe69067  |i bb9df99d-5ea6-3be8-8f3c-7698d8cffb03  |t 0 
952 f f |a Texas A&M University  |b College Station  |c Electronic Resources  |s www_evans  |d Available Online  |t 0  |e CMP-2006-ECJ-0075  |h Other scheme 
998 f f |a CMP-2006-ECJ-0075  |t 0  |l Available Online